Old industrial cities seeking new road of industrialization : Models of revitalizing Northeast China
This book explores how cities in China's rust belt, particularly in northeast China, are restructuring their industries and economies after decades of decline. Once the heart of China's industrialization, the region suffered under market reforms and competition from coastal areas. Since th...
שמור ב:
| מחברים אחרים: | , , , , |
|---|---|
| פורמט: | ספר |
| שפה: | Vietnamese |
| יצא לאור: |
Singapore
World Scientific Publishing Company
2014
|
| נושאים: | |
| תגים: |
הוספת תג
אין תגיות, היה/י הראשונ/ה לתייג את הרשומה!
|
| Thư viện lưu trữ: | Thư viện Trường Đại học Nam Cần Thơ |
|---|
| LEADER | 01560nam a22002537a 4500 | ||
|---|---|---|---|
| 001 | NCT_4_028157 | ||
| 008 | 251101b xxu||||| |||| 00| 0 vie d | ||
| 999 | |c 9406 |d 9406 | ||
| 020 | |a 9789814390538 |c $99 | ||
| 082 | 0 | 4 | |2 23rd ed. |a 338.951 |b O44I |
| 245 | 0 | 0 | |a Old industrial cities seeking new road of industrialization : |b Models of revitalizing Northeast China |c Mark Wang, Zhiming Chen, Pingyu Zhang... (editor) |
| 260 | |a Singapore |b World Scientific Publishing Company |c 2014 | ||
| 300 | |a ix, 241 p. |b ill. |c 23 cm | ||
| 504 | |a Includes bibliographical references and index | ||
| 520 | 3 | |a This book explores how cities in China's rust belt, particularly in northeast China, are restructuring their industries and economies after decades of decline. Once the heart of China's industrialization, the region suffered under market reforms and competition from coastal areas. Since the 2003 "Revitalisation Strategy," these cities have undergone significant transformation. The authors identify six distinct reindustrialization models that illustrate different paths toward economic renewal and sustainable growth. | |
| 653 | |a Kinh tế chính trị | ||
| 700 | 1 | |a Wang, Mark |e editor | |
| 700 | 1 | |a Chen, Zhiming |e editor | |
| 700 | 1 | |a Zhang, Pingyu |e editor | |
| 700 | 1 | |a Tong, Lianjun |e editor | |
| 700 | 1 | |a Ma, Yanji |e editor | |
| 942 | |2 ddc |c BK | ||
| 952 | |0 0 |1 0 |2 ddc |4 0 |6 338_951000000000000_O44I |7 0 |9 31542 |a 000001 |b 000001 |d 2025-11-01 |o 338.951 O44I |p MD.24548 |r 2025-11-01 |v 99.00 |w 2025-11-01 |y BK | ||
| 980 | |a Thư viện Trường Đại học Nam Cần Thơ | ||


